Loading...
| Visual Arts | 2 | 3 | 0 | 2 | 60 | 35 | 86.20 | 2 | 5 |
| History - European History | 1 | 3 | 0 | 2 | 45 | 26 | 91.50 | 2 | 4 |
| Literature - World Literature | 1 | 2 | 0 | 1 | 35 | 58 | 99.67 | 0 | 3 |
| Literature - British Literature | 2 | 0 | 0 | 0 | 30 | 45 | 51.00 | 1 | 2 |
| Beliefs | 1 | 0 | 0 | 0 | 15 | 64 | 64.00 | 1 | 1 |
| Fine Arts - Other Arts | 0 | 2 | 1 | 1 | 15 | 122 | 128.00 | 0 | 2 |
| History - American History | 1 | 0 | 0 | 0 | 15 | 24 | 24.00 | 1 | 1 |
| Literature - American Literature | 1 | 0 | 1 | 0 | 10 | 43 | 43.00 | 1 | 1 |
| History - World History | 0 | 1 | 0 | 1 | 10 | 143 | 143.00 | 0 | 1 |
| Science - Other Science | 0 | 1 | 0 | 0 | 10 | 92 | 92.00 | 1 | 1 |
| Science - Physics | 0 | 1 | 0 | 0 | 10 | 78 | 78.00 | 0 | 1 |
| History - Other History | 0 | 1 | 1 | 0 | 5 | 78 | 78.00 | 0 | 1 |
| Current Events | 0 | 0 | 1 | 0 | -5 | 0.00 | 0 | 0 |